000
00200 a2200097 4500
001
9289
100
_a
Kochan, L
245
_a
The making of modern Russia
260
_a
_b
Cape
_c
090
_c
7458
_d
7458
942
_a
NUST-CAE
_c
M
_c
34109
999
_c
244362
_d
244362